<?xml version="1.0" encoding="UTF-8"?>
<record
    xmlns:xsi="http://www.w3.org/2001/XMLSchema-instance"
    xsi:schemaLocation="http://www.loc.gov/MARC21/slim http://www.loc.gov/standards/marcxml/schema/MARC21slim.xsd"
    xmlns="http://www.loc.gov/MARC21/slim">

  <leader>03995cam a2200301   4500500</leader>
  <controlfield tag="005">20250123123507.0</controlfield>
  <datafield tag="041" ind1=" " ind2=" ">
    <subfield code="a">fre</subfield>
  </datafield>
  <datafield tag="042" ind1=" " ind2=" ">
    <subfield code="a">dc</subfield>
  </datafield>
  <datafield tag="100" ind1="1" ind2="0">
    <subfield code="a">Kuntz, Fabrice</subfield>
    <subfield code="e">author</subfield>
  </datafield>
  <datafield tag="245" ind1="0" ind2="0">
    <subfield code="a">Coll&#xE8;ge des enseignants en m&#xE9;decine thermale. M&#xE9;decine compl&#xE9;mentaire et thermalisme</subfield>
  </datafield>
  <datafield tag="260" ind1=" " ind2=" ">
    <subfield code="c">2020.
							</subfield>
  </datafield>
  <datafield tag="500" ind1=" " ind2=" ">
    <subfield code="a">61</subfield>
  </datafield>
  <datafield tag="520" ind1=" " ind2=" ">
    <subfield code="a">Le thermalisme et le climatisme sont des th&#xE9;rapies traditionnelles qui utilisent les bienfaits de l&#x2019;environnement sur la sant&#xE9;. Ce sont des interventions th&#xE9;rapeutiques utilisant les produits issus des ressources hydromin&#xE9;rales (thermalisme) et les effets du climat dans le cadre d&#x2019;un s&#xE9;jour dans un lieu aux caract&#xE9;ristiques environnementales favorables (climatisme ou climatoth&#xE9;rapie). Ces th&#xE9;rapies ancestrales se fondent sur une approche holistique visant &#xE0; traiter la pathologie et &#xE0; contribuer &#xE0; l&#x2019;&#xE9;tat de sant&#xE9; global. Le processus th&#xE9;rapeutique de la cure thermale est complexe alliant les effets physiologiques de l&#x2019;eau thermale et les effets psychologiques li&#xE9;s au symbolisme de l&#x2019;eau et de la boue, la qualit&#xE9; de l&#x2019;environnement climatique, social et humain. L&#x2019;objectif principal des soins thermaux &#xE0; orientation psychosomatique est de diminuer le niveau ressenti de souffrance du malade de fa&#xE7;on durable, de permettre une diminution des m&#xE9;dicaments consomm&#xE9;s habituellement et d&#x2019;am&#xE9;liorer sa qualit&#xE9; de vie. La cure permet de renouer avec des moments autobiographiques riches en symboles (naissance, relation &#xE0; l&#x2019;autre, fonction du MOI-peau) particuli&#xE8;rement b&#xE9;n&#xE9;fiques pour les patients psychotiques et anxieux. L&#x2019;eau lie autant qu&#x2019;elle s&#xE9;pare. La cure thermale &#xE0; orientation psychologique a pour but une prise en charge multidisciplinaire en &#xE9;vitant le caract&#xE8;re stigmatisant. Elle pourrait participer &#xE0; la prise en charge des patients victimes de stress post-traumatique, en particulier dans le contexte actuel post-Covid-19.</subfield>
  </datafield>
  <datafield tag="520" ind1=" " ind2=" ">
    <subfield code="a">Spa therapy and climatotherapy are traditional treatment that use the benefits of the environment on health. They are therapeutic interventions using products derived from hydromineral resources (Spa therapy) and the effects of the climate during a stay in a place with favourable environmental characteristics (climatotherapy). These ancestral therapies are based on a holistic approach aimed at treating the pathology and contributing to the overall state of health. The therapeutic process of spa therapy is complex, combining the physiological effects of spring water with the psychological effects related to the symbolism of water and mud, the quality of the climatic, social and human environment. The main objective of psychosomatic spa treatment is to reduce the patient&#x2019;s perceived level of suffering in a sustainable way, to allow a reduction of the drugs usually consumed and to improve the patient&#x2019;s quality of life. The cure allows the patient to reconnect with autobiographical moments rich in symbols (birth, relationship with others, function of the skin-ego) which are particularly beneficial for psychotic and anxious patients. Water binds as much as it separates. Psychologically oriented spa treatment aims at multidisciplinary care, avoiding stigmatisation, could participate in the care of patients suffering from post-traumatic stress, particularly in the current post-Covid-19 context.</subfield>
  </datafield>
  <datafield tag="690" ind1=" " ind2=" ">
    <subfield code="a">climatoth&#xE9;rapie m&#xE9;dicale</subfield>
  </datafield>
  <datafield tag="690" ind1=" " ind2=" ">
    <subfield code="a">climatisme</subfield>
  </datafield>
  <datafield tag="690" ind1=" " ind2=" ">
    <subfield code="a">Thermalisme</subfield>
  </datafield>
  <datafield tag="690" ind1=" " ind2=" ">
    <subfield code="a">cr&#xE9;nobaln&#xE9;oth&#xE9;rapie</subfield>
  </datafield>
  <datafield tag="690" ind1=" " ind2=" ">
    <subfield code="a">syndrome d&#x2019;anxi&#xE9;t&#xE9; g&#xE9;n&#xE9;ralis&#xE9;e</subfield>
  </datafield>
  <datafield tag="690" ind1=" " ind2=" ">
    <subfield code="a">th&#xE9;rapie compl&#xE9;mentaire</subfield>
  </datafield>
  <datafield tag="690" ind1=" " ind2=" ">
    <subfield code="a">complementary therapy</subfield>
  </datafield>
  <datafield tag="690" ind1=" " ind2=" ">
    <subfield code="a">Spa therapy</subfield>
  </datafield>
  <datafield tag="690" ind1=" " ind2=" ">
    <subfield code="a">generalized anxiety disorder</subfield>
  </datafield>
  <datafield tag="690" ind1=" " ind2=" ">
    <subfield code="a">climatotherapy</subfield>
  </datafield>
  <datafield tag="690" ind1=" " ind2=" ">
    <subfield code="a">crenobalneotherapy</subfield>
  </datafield>
  <datafield tag="786" ind1="0" ind2=" ">
    <subfield code="n">La Presse thermale et climatique | 157e A&#xE9;e | 1 | 2020-04-17 | p. 159-168 | 0032-7875</subfield>
  </datafield>
  <datafield tag="856" ind1="4" ind2="1">
    <subfield code="u">https://shs.cairn.info/revue-la-presse-thermale-et-climatique-2020-1-page-159?lang=fr&amp;redirect-ssocas=7080</subfield>
  </datafield>
  <datafield tag="999" ind1=" " ind2=" ">
    <subfield code="c">805456</subfield>
    <subfield code="d">805456</subfield>
  </datafield>
</record>
